000 00589nam a2200181Ia 4500
003 LDD
008 190117s9999 xx 000 0 und d
020 _c₹10
040 _cLDD
041 _ahi
082 _a8U1.09 स6474च
100 _aसरस्वती सरन 'कैफ'
245 0 _aचकबस्त
_cसरस्वती सरन 'कैफ'
260 _aनई दिल्ली
_bसाहित्य अकादमी
_c1988
300 _a90पृ.
440 _aभारतीय साहित्य के निर्माता
942 _2ddc
_cH
999 _c172791
_d172791